| Tag |
First Indicator |
Second Indicator |
Subfields |
| LEADER |
00000cam a2200000Ia 4500 |
| 001 |
in00002783796 |
| 006 |
m o d |
| 007 |
cr cn||||||||| |
| 008 |
120405s2011 nhu o 001 0 eng d |
| 005 |
20250816205556.1 |
| 010 |
|
|
|z 2012012529
|
| 020 |
|
|
|z 9781611683714 (cloth : alk. paper)
|
| 020 |
|
|
|z 9781611683721 (ebook)
|
| 035 |
|
|
|a (CaPaEBR)ebr10603781
|
| 035 |
|
|
|a (OCoLC)815477835
|
| 040 |
|
|
|a CaPaEBR
|c CaPaEBR
|d UtOrBLW
|
| 050 |
1 |
4 |
|a GE196
|b .T87 2011eb
|
| 082 |
0 |
4 |
|a 332.024
|2 23
|
| 100 |
1 |
|
|a Turner, Chris,
|d 1973-
|
| 245 |
1 |
4 |
|a The leap :
|b how to survive and thrive in the sustainable economy /
|c Chris Turner.
|
| 264 |
|
1 |
|a Durham, NH :
|b University of New Hampshire Press,
|c [2011]
|
| 264 |
|
4 |
|c ©2011
|
| 300 |
|
|
|a 1 online resource (360 pages)
|
| 336 |
|
|
|a text
|b txt
|2 rdacontent
|
| 337 |
|
|
|a computer
|b c
|2 rdamedia
|
| 338 |
|
|
|a online resource
|b cr
|2 rdacarrier
|
| 500 |
|
|
|a Includes index.
|
| 500 |
|
|
|a Electronic resource.
|
| 650 |
|
0 |
|a Economic development.
|
| 650 |
|
0 |
|a Sustainable development.
|
| 650 |
|
0 |
|a Sustainable living.
|
| 655 |
|
7 |
|a Electronic books.
|2 local
|
| 710 |
2 |
|
|a ebrary, Inc.
|
| 856 |
4 |
0 |
|u https://ebookcentral.proquest.com/lib/tamucs/detail.action?docID=1085104
|y Connect to the full text of this electronic book
|t 0
|
| 980 |
|
|
|a 121120
|b 24.99
|c USD
|e 37.49
|f YBP_EBR0000047227
|g 1
|
| 999 |
f |
f |
|s 1e841c62-076f-347d-a3e6-807da25acf1a
|i 5e258cbc-fab1-34c8-b237-d3613dba125e
|t 0
|
| 999 |
|
|
|a MARS
|
| 952 |
f |
f |
|a Texas A&M University
|b College Station
|c Electronic Resources
|d Available Online
|t 0
|e GE196 .T87 2011eb
|h Library of Congress classification
|
| 998 |
f |
f |
|a GE196 .T87 2011eb
|t 0
|l Available Online
|